| 000 | 00731cab a2200253 4500 | ||
|---|---|---|---|
| 001 | WB2906-31 | ||
| 008 | 090401t1993 xxu||||| |||| 00| 0 eng d | ||
| 035 | _a(Sirsi) u48574 | ||
| 041 | _aeng | ||
| 245 | _aFinance rules for public bodies may ease | ||
| 260 | _c1993 | ||
| 350 | _a0 | ||
| 490 |
_aFinancial Times _v11 February 1993, 7(1) |
||
| 520 | _aThe Treasury is considering new rules to enable schools and hospitals to borrow against assets. | ||
| 650 | _aCAPITAL SPENDING | ||
| 650 | _aEDUCATION BUILDINGS | ||
| 650 | _aHEALTH BUILDINGS | ||
| 650 | _aHOSPITALS | ||
| 650 | _aPRIVATE FINANCE | ||
| 650 | _aSCHOOLS | ||
| 690 | _aPROPERTY-PROPERTY FINANCE AND INVESTMENT | ||
| 942 | _n0 | ||
| 948 | _c04/03/1997 | ||
| 999 |
_c30512 _d30512 |
||